| 000 | 01941nam a22002537a 4500 | ||
|---|---|---|---|
| 003 | OSt | ||
| 005 | 20210211101746.0 | ||
| 008 | 210211s2005 ck ||||gr|||| 00| 0 spa d | ||
| 020 | _a9587016793 | ||
| 040 |
_aCO-JMCR _cCO-JMCR |
||
| 041 | 0 | _aspa | |
| 082 | 0 | 4 |
_a345.07 / _bF673s _223 |
| 110 | 1 |
_aFondo Rotatorio del Departamento Administrativo de Seguridad - DAS. _eautor _913300 |
|
| 245 | 1 | 0 |
_aSistema penal acusatorio : _brol del perito y de la policía judicial / _cFondo Rotatorio del Departamento Administrativo de Seguridad - DAS.; Universidad Nacional de Colombia. |
| 250 | _aPrimera edición | ||
| 260 |
_aBogotá : _bUniversidad Nacional de Colombia, _c2005 |
||
| 300 |
_a413 páginas _bIlustraciones, graficas en blanco y negro ; _c25 cm. |
||
| 505 | 0 | _aInvestigación penal y derechos humanos -- Esquema general de nuevo sistema acusatorio -- Bases del nuevo proceso penal -- Audiencias preliminares en l indagación y en la investigación -- Captura, medidas de aseguramiento y libertad en el régimen de la ley 906 de 2004 -- Principio de oportunidad y preacuerdos en el nuevo sistema penal acusatorio -- La teoría del caso -- La argumentación del perito -- Acerca de la fijación de los hechos y la valoración de las pruebas en derecho -- Curso de formación avanzada en la detección de lavado de activos -- Rol de las habilidades comunicativas en el nuevo sistema penal acusatorio -- Manuel para el manejo de elementos de prueba y cadena de custodia -- Testimonio del perito -- Identificación humana -- La dactiloscopia -- La grafología -- La fotografía judicial en el nuevo sistema penal acusatorio -- Análisis de identificación de hablantes -- Crímenes informáticos y tecnológico: el futuro criminal | |
| 650 | 2 | 4 |
_aDerecho penal _93455 |
| 650 | 2 | 4 |
_aPolicía judicial _913301 |
| 650 | 2 | 4 |
_aSistema penal acusatorio _913302 |
| 710 | 1 |
_aUniversidad Nacional de Colombia, _eautor _99734 |
|
| 942 |
_2ddc _cBK |
||
| 999 |
_c7154 _d7154 |
||